• 首页
  • 本馆介绍
  • 公告通知
  • 最新文献
  • 馆藏检索
  • 电子资源
  • 读者导购
  • 参考咨询
  • 我的图书馆
  • 登录
  • 详细信息显示
  • 放入我的书架
  • 预约/预借图书
  • 作者相关作品
  • 分类相关作品
  • 丛书相关作品
  • 出版社相关作品

书目信息

  • 表格格式
  • 工作单格式
  • 卡片格式
题名:
数学软件Mathematica入门
    
 
作者: 盖洛德 , 卡明 , 威廉 著 ;邵勇 译
分册:  
出版信息: 北京   高等教育出版社  2001
页数: 458页
开本: 26cm
丛书名:
单 册:
中图分类: O245
科图分类:
主题词: 工程计算--应用软件
电子资源:
ISBN: 7-04-008832-0
000 00831nam0 2200229 45
001 0201151541
005 20031219104052.7
010    @a7-04-008832-0@dCNY33.60
100    @a20020115d2001 km y0chiy0120 ea
101 0  @achi@ceng
105    @a z 000yy
200 1  @a数学软件Mathematica入门@AShu Xue Ruan Jian Mathematica Ru Men@f(美)盖洛德(Gylord,R.J.),(美)卡明(Kamin,S.N.),(美)威廉(Wellin,P.R.)著@F(Mei)Gai Luo De(Gylord,R.J.),(Mei)Ka Ming(Kamin,S.N.),(Mei)Wei Lian(Wellin,P.R.)Zhu@g邵勇译
210    @a北京@c高等教育出版社@d2001
215    @a458页@d26cm@e1软盘
606 0  @a工程计算@x应用软件
690    @aO245@v4
701  0 @a盖洛德@bGylord,R.J.@4著
701  0 @a卡明@bKamin,S.N.@4著
701  0 @a威廉@bWellin,P.R.@4著
702  0 @a邵勇@AShao Yong@4译
801    @aCN@bTSTC@c20020115
905    @b304030-039@dO245@e11@f10
    
    数学软件Mathematica入门/(美)盖洛德(Gylord,R.J.),(美)卡明(Kamin,S.N.),(美)威廉(Wellin,P.R.)著/邵勇译.-北京:高等教育出版社,2001
    458页;26cm+1软盘
    
    
    ISBN 7-04-008832-0:CNY33.60
    
●
相关链接 在E读中查询图书 在五车中查询图书 在当当中查询图书 在豆瓣中查询图书


正题名:数学软件Mathematica入门     索取号:O245/11         预约/预借

序号 登录号 条形码 馆藏地/架位号 状态 备注
1 0304030   203040306   第三借阅区/ [索取号:O245/11] 在馆    
2 0304031   203040315   第三借阅区/ [索取号:O245/11] 在馆    
3 0304032   203040324   第三借阅区/ [索取号:O245/11] 在馆    
4 0304033   203040333   第三借阅区/ [索取号:O245/11] 在馆    
5 0304034   203040342   第三借阅区/ [索取号:O245/11] 在馆    
6 0304035   203040351   第三借阅区/ [索取号:O245/11] 在馆    
7 0304036   203040360   第三借阅区/ [索取号:O245/11] 在馆    
8 0304037   203040379   第三借阅区/ [索取号:O245/11] 在馆    
9 0304038   203040388   第三借阅区/ [索取号:O245/11] 在馆    
10 0304039   203040397   第二样本阅览室/ [索取号:O245/11] 在馆    
唐山师范学院图书馆 欢迎您!
大连网信软件有限公司© 版权所有